HB. OF CARDIOVASCULAR NURSING (Record no. 1892)

MARC details
000 -LEADER
fixed length control field 00346nam a2200145Ia 4500
008 - FIXED-LENGTH DATA ELEMENTS--GENERAL INFORMATION
fixed length control field 150201s1986 xx 000 0 und d
082 ## - DEWEY DECIMAL CLASSIFICATION NUMBER
Classification number 610.732
Item number C86L
100 ## - MAIN ENTRY--PERSONAL NAME
Personal name LAMB , JOANN I.
245 ## - TITLE STATEMENT
Title HB. OF CARDIOVASCULAR NURSING
250 ## - EDITION STATEMENT
Edition statement 1ST
260 ## - PUBLICATION, DISTRIBUTION, ETC. (IMPRINT)
Name of publisher, distributor, etc. LIPPINCOTT
Place of publication, distribution, etc. DELHI
Date of publication, distribution, etc. 1986
300 ## - PHYSICAL DESCRIPTION
Extent 472
650 ## - SUBJECT ADDED ENTRY--TOPICAL TERM
Topical term or geographic name as entry element NURSING
942 ## - ADDED ENTRY ELEMENTS (KOHA)
Source of classification or shelving scheme Dewey Decimal Classification
Koha item type Books
Koha issues (borrowed), all copies 50
Holdings
Withdrawn status Lost status Source of classification or shelving scheme Damaged status Not for loan Collection code Home library Current library Shelving location Date acquired Source of acquisition Cost, normal purchase price SGTU Total Checkouts Full call number Barcode Date last seen Date last checked out Bill Date Koha item type Checked out
    Dewey Decimal Classification     NURSING SGT Medical Library SGT Medical Library Text Book 09/02/2015 UBS DELHI 625.00 SGTU 11 610.732 C86L FN244 06/09/2024 02/09/2024 09/02/2015 Books  
    Dewey Decimal Classification     NURSING SGT Medical Library SGT Medical Library Text Book 09/02/2015 UBS DELHI 625.00 SGTU 8 610.732 C86L FN245 11/03/2026 05/12/2025 09/02/2015 Books  
    Dewey Decimal Classification     NURSING SGT Medical Library SGT Medical Library Text Book 09/02/2015 UBS DELHI 625.00 SGTU 15 610.732 C86L FN246 21/05/2026 08/05/2026 09/02/2015 Books  
    Dewey Decimal Classification     NURSING SGT Medical Library SGT Medical Library Text Book 09/02/2015 UBS DELHI 625.00 SGTU 12 610.732 C86L FN247 04/01/2025 24/12/2024 09/02/2015 Books  
    Dewey Decimal Classification     NURSING SGT Medical Library SGT Medical Library Text Book 09/02/2015 UBS DELHI 625.00 SGTU 13 610.732 C86L FN248 21/05/2026 21/05/2026 09/02/2015 Books 04/06/2026